000 00926nam0a22002411 4500
001 rc\3274970
005 20250609172837.0
035 _a(NLR Aleph) 007394722
090 _a6648491
_c6648491
100 _a20130115d1972 |||y0rusy50 ca
101 0 _arus
102 _aRU
105 _ay z |||||
200 1 _aТворческое развитие экономического учения марксизма-ленинизма в документах XXIV съезда КПСС
_fЧерномор. высш. воен.-морское училище им. П.С. Нахимова
210 _aСевастополь
_cБ. и.
_d1972
215 _a19 с.
_d21
300 _aПеред загл. авт.: доц., канд. экон. наук Н.Н. Захватин
700 1 _aЗахватин
_bН.Н.
801 0 _aRU
_bNLR
_gpsbo
801 1 _aRU
_bELAR
_2rusmarc
852 _aNLR
_j72-50к/2263
942 _cBOOK
980 _aNB